FIFA Best Managers of The Year - Statistics

General Stats
  • This quiz has been taken 121 times
    29 since last reset
  • The average score is 14 of 16
Answer Stats
Hint Answer Club % Correct
2010 Jose Mourinho Inter Milan / Real Madrid
96%
2019 Jurgen Klopp Liverpool FC
96%
2020 Jurgen Klopp Liverpool FC
96%
2017 Zinedine Zidan Real Madrid
96%
2024 Carlo Ancelotti Real Madrid
93%
2018 Didier Deschamps France
93%
2011 Pep Guardiola Barcelona
93%
2023 Pep Guardiola Manchester City
93%
2014 Joachim Low Germany
86%
2021 Thomas Tuchel Chelsea
86%
2015 Luis Enrique Barcelona
82%
2025 Luis Enrique PSG
82%
2016 Claudio Ranieri Leicester City
79%
2012 Del Bosque Spain
75%
2013 Jupp Heynckes Bayern Munich
71%
2022 Scaloni Argentina
36%
No matching quizzes found
Score Distribution
Percent of People with Each Score
Percentile by Number Answered
Your Score History
You have not taken this quiz since the last reset